000 00766nam a22002177a 4500
005 20170123162350.0
010 _aA-645646
020 _c70.00
_a8171600549
035 _aA-645646
037 _bCen Lib/Ret
040 _aDPL
_bUR
082 _a181.45
_bب ہ گ
245 _a: بھگود گیتا
_cمترجم شاہ الحق حقی
_bاردو ترمجہ
246 _aBhagvat Geeta :urdu tarjuma /
_btranslated by Shah Al-haq
260 _a نئی دہلی
_b انجمن ترقی اردو
_c1999
270 _b نئی دہلی
_aاردو گھر : ٢١٢, روسے ایونیو
_e110002
300 _a168p.
_c20cm(Hb)
650 _aمذہب
_vہندو
_9136367
650 _aReligion
_vHindu
_9136368
942 _2ddc
_cUR
_h181.45
_mب ہ گ
999 _c109206
_d109206